|
|
|
|
| LEADER |
00712nam a22001697a 4500 |
| 082 |
|
|
|a SUD/R P9
|b 894.M3
|
| 100 |
|
|
|a സുധാകരന് രാമന്താളി;
|9 224641
|
| 100 |
|
|
|a Sudhakaran Ramanthali
|9 224642
|
| 240 |
|
|
|a Ramapurathinte katha
|
| 245 |
|
|
|a രാമപുരത്തിന്റെ കഥ
|
| 260 |
|
|
|a Kannur;
|b Kairali Books;
|c 2009
|
| 300 |
|
|
|a 204p.
|
| 650 |
|
|
|a മലയാളം; മലയാളം നോവല്
|9 224643
|
| 650 |
|
|
|a Malayalam; Malayalam Novel
|9 224644
|
| 942 |
|
|
|c BK
|
| 999 |
|
|
|c 36181
|d 36181
|
| 952 |
|
|
|0 0
|1 0
|4 0
|6 894_000000000000000_M3_SUD_R_P9
|7 0
|8 NOVE T
|9 40567
|a MAL
|b MAL
|d 2015-06-04
|e 53867
|g 120.00
|l 0
|o 894.M3 SUD/R P9
|p MAL053867
|r 2015-06-04
|t 1
|w 2015-06-04
|y BK
|